La resolucion de los contratos : (Registro nro. 49801)

Detalles MARC
000 -LEADER
fixed length control field 01325nam a2200325 4500
001 - CONTROL NUMBER
control field 0000021692
003 - CONTROL NUMBER IDENTIFIER
control field CO-CtgCURN
005 - DATE AND TIME OF LATEST TRANSACTION
control field 20250828152810.0
008 - FIXED-LENGTH DATA ELEMENTS--GENERAL INFORMATION
fixed length control field 160627s1995 000 0 eng d
020 ## - INTERNATIONAL STANDARD BOOK NUMBER
International Standard Book Number 9589278019
040 ## - CATALOGING SOURCE
Original cataloging agency CO-CtgCURN
Language of cataloging spa
Transcribing agency coctgcurn
082 0# - DEWEY DECIMAL CLASSIFICATION NUMBER
Classification number 346.022
Item number C15r
100 1# - MAIN ENTRY--PERSONAL NAME
Personal name Canosa Torrado, Fernando.
245 13 - TITLE STATEMENT
Title La resolucion de los contratos :
Remainder of title incumplimiento y mutuo disenso Introducción a la teoria general del negocio juridico /
Statement of responsibility, etc. Fernando Canosa Torrado.
250 ## - EDITION STATEMENT
Edition statement 4a. ed.
260 ## - PUBLICATION, DISTRIBUTION, ETC.
Place of publication, distribution, etc. Bogotá :
Name of publisher, distributor, etc. Ediciones Doctrina y Ley,
Date of publication, distribution, etc. 1995.
300 ## - PHYSICAL DESCRIPTION
Extent 618 p.
336 ## - CONTENT TYPE
Source rdacontent
337 ## - MEDIA TYPE
Source rdamedia
Media type term sin mediacion
Media type code n
338 ## - CARRIER TYPE
Source rdacarrier
Carrier type term volumen
Carrier type code nc
500 ## - GENERAL NOTE
General note Incluye indice.
504 ## - BIBLIOGRAPHY, ETC. NOTE
Bibliography, etc. note Bibliografia (p. 603-607)
505 8# - FORMATTED CONTENTS NOTE
Formatted contents note Representacion preliminar.--Nociones generales sobre los contratos.--Contenido conceptual del termino resolucion.--Antecedentes historicos de la pretension resolutoria.--Fundamento juridico de la pretension resolutoria
650 #0 - SUBJECT ADDED ENTRY--TOPICAL TERM
Topical term or geographic name entry element Contratos
Form subdivision Legislacion
Geographic subdivision Colombia.
650 #0 - SUBJECT ADDED ENTRY--TOPICAL TERM
Topical term or geographic name entry element Terminos legales de contrato
Geographic subdivision Colombia.
650 #0 - SUBJECT ADDED ENTRY--TOPICAL TERM
Topical term or geographic name entry element Resolucion de contratos
Geographic subdivision Colombia.
908 ## - PUT COMMAND PARAMETER (RLIN)
Put command parameter 160627
942 ## - ADDED ENTRY ELEMENTS (KOHA)
Koha item type Libros
Classification part 346.022
Item part C15r
Source of classification or shelving scheme Dewey Decimal Classification

No hay ítems disponibles.